000 00852nam a22002897a 4500
001 BR2011002368
003 BR-BrBNA
005 20230928103715.0
007 ta
008 230509b bl.||||| |||| 00| 0 por d
040 _aBR-BrBNA
_bpor
_cBiblioteca Nacional de Agricultura
041 _a(Por)
072 _aJ11
_b1823
090 _ 1823 BR2011002368
110 1 _aCompanhia Brasileira de Alimentos, Brasília, DF (Brasil). Coord. de Desenvolvimento de Recursos Humanos
_92303
245 1 _aTreinamento para produtores: abóbora
260 3 _aBrasília, DF (Brasil):
_c[np].
300 _a10 p.
500 _aPublished after 1987? 37 illus
650 _aABÓBORA
650 _aACONDICIONAMENTO
650 _aTAXONOMIA VEGETAL
650 _aEQUIPAMENTO
650 _aTRANSPORTE
909 _a202309
_bLucia
_c55
_dLucia Elande
942 _cBK
999 _c76250
_d76250